| 000 | 00000nam##2200000za#4500 |
| 001 | 9.696043 |
| 003 | CaOODSP |
| 005 | 20210624234844 |
| 007 | cr ||||||||||| |
| 008 | 150407|2003||||xxc|||||o f|0| 0 eng|d |
| 040 | |aCaOODSP|beng |
| 043 | |an-cn--- |
| 086 | 1 |aM39-96/2003E-PDF |
| 110 | 1 |aCanada. |bNatural Resources Canada. |
| 245 | 10|aPinch analysis - for the efficient use of energy, water & hydrogen |h[electronic resource] |
| 260 | |aQuébec - Quebec : |bNatural Resources Canada |cc2003. |
| 300 | |a64p.|bcoloured figs., graphs, references, tables |
| 590 | |a12-13-Supp|b2012-04-03 |
| 690 | 07|aEnergy management|2gcpds |
| 775 | 08|tL'analyse Pinch - pour l'utilisation efficace de l'énergie, de l'eau et de l'hydrogène |w(CaOODSP)9.640160 |
| 856 | 40|ahttp://publications.gc.ca|qPDF|s1.2 MB|uhttps://publications.gc.ca/collections/collection_2012/rncan-nrcan/M39-96-2003-eng.pdf |